banner-ar

وجوه سكندرية : (Record no. 62607)

MARC details
000 -الفاتح
حقل البيانات ثابتة الطول 00724nam a22002177a 4500
005 - وقت وتاريخ اخر تعامل مع التسجيلة
رقم الضبط 20240530110558.0
008 - عناصر البيانات ثابتة الطول - معلومات عامة
حقل البيانات ثابتة الطول 160323s2012 ua g 000 0aara d
017 ## - رقم الايداع القانونى
رقم الايداع القانونى 2012/14411
المصدر ( الهيئة المختصة) مصر . دار الكتب المصرية
020 ## - الرقم الدولى المعيارى للكتب
الرقم الدولى المعيارى للكتاب 9789770931479
040 ## - مصدر الفهرسة
وكالة الفهرسة الأصلية EG-CaGPL
082 04 - رقم تصنيف ديوى العشرى
رقم الطبعة 21
رقم التصنيف 818.07\
رقم المادة ع و
100 0# - المدخل الرئيسى - إسم شخصى
الإسم الشخصى علاء خالد .
245 10 - بيان العنوان
العنوان وجوه سكندرية :
بقية العنوان سيرة مدنية /
بيان المسئوليه,etc علاء خالد .
250 ## - بيان الطبعة
بيان الطبعة ط1.
260 ## - PUBLICATION, DISTRIBUTION, ETC. (IMPRINT)
تاريخ النشر أو التوزيع 2012 .
300 ## - الوصف المادى
التعداد 289 ص ؛
أبعاد الوعاء 20 سم .
600 0# - المدخل الاضافى بالموضوع-اسم شخصى
الإسم الشخصى علاء خالد
التقسيم الفرعي الشكلي مذكرات .
651 04 - المدخل الاضافى بالموضوع - اسم جغرافى
الاسم الجغرافي الاسكندرية
التقسيم الفرعي العام تاريخ .
942 ## - عناصر المدخل الإضافي( كوها)
مصدر التصنيف او مخطط الترفيف Dewey Decimal Classification
Koha [default] item type كتاب
260 ## - PUBLICATION, DISTRIBUTION, ETC. (IMPRINT)
-- القاهرة :
-- دار الشروق ،
Holdings
حالة التراجع حالة الفقد حالة تلف ليس للاعارة المكان المؤقت الموقع الحالى تاريخ الاكتساب اجمالي اﻻعارات رقم الطلب الباركود تاريخ اخر مشاهدة تاريخ تفعيل السعر نوع وعاء كوها
        مكتبة القاهرة الكبرى مكتبة القاهرة الكبرى 08/31/2016   818.07\ ع و 162379 08/31/2016 08/31/2016 كتاب

Powered By

EGPV